000 00451nam a22001697a 4500
999 _c51
_d51
003 OSt
005 20210528131744.0
008 210528b ||||| |||| 00| 0 eng d
040 _cAlupe University
050 _aHB172.5
_b.W55 2009
245 _aMacroeconomics
260 _aToronto, Canada
_bPearson Canada
_c2009
300 _a xxi, 633 p.
_b: ill.
_c; 24 cm.
500 _aincludes indexes
650 _x Macroeconomics
942 _2lcc
_cBK
_nMW